[Event "kasker"]
[Site "http://www.queenalice.com/game.php?id=668239"]
[Date "2009.10.16"]
[Round "1"]
[White "KirumbaKizumba"]
[Black "AndyWo"]
[Result "1/2-1/2"]
[WhiteElo "2360"]
[BlackElo "2580"]

1. e4 c5 2. Nf3 Nc6 3. d4 cxd4 4. Nxd4 Nf6 5. Nc3 d6 6. Bg5 e6 7. Qd2 a6 8.
O-O-O Bd7 9. f4 b5 10. Bxf6 gxf6 11. Kb1 Qb6 12. Nxc6 Bxc6 13. f5 b4 14. Ne2 e5
15. Ng3 Qc5 16. Bd3 Rg8 17. Qe2 a5 18. Nh5 Ke7 19. Bc4 Bh6 20. Rhe1 a4 21. h4
Rab8 22. g3 Rbd8 23. b3 Ra8 24. g4 axb3 25. cxb3 Ra7 26. Qg2 Be3 27. g5 Rxa2 28.
Qxa2 Ra8 29. Qxa8 1/2-1/2

[Event "QA-ANNIV-04"]
[Site "http://www.queenalice.com/game.php?id=695077"]
[Date "2009.12.9"]
[Round "7"]
[White "KirumbaKizumba"]
[Black "pensalo"]
[Result "1-0"]
[WhiteElo "2367"]
[BlackElo "2387"]

1. e4 e6 2. d4 d5 3. Nc3 Bb4 4. e5 Ne7 5. a3 Bxc3+ 6. bxc3 c5 7. Qg4 Ng6 8. h4
h5 9. Qg3 Nc6 10. Bd3 Nce7 11. Ne2 c4 12. Bxg6 Nxg6 13. Bg5 Qc7 14. Qf3 Bd7 15.
Ng3 Ba4 16. Nxh5 Kf8 17. Nxg7 Kxg7 18. Bf6+ Kh7 19. Qg4 Kg8 20. h5 Kf8 21. O-O-O
Ke8 22. hxg6 1-0

[Event "QA-ANNIV-05"]
[Site "http://www.queenalice.com/game.php?id=723811"]
[Date "2010.2.1"]
[Round "3"]
[White "thw"]
[Black "KirumbaKizumba"]
[Result "0-1"]
[WhiteElo "2017"]
[BlackElo "2380"]

1. e4 e5 2. Nf3 Nf6 3. Nxe5 d6 4. Nf3 Nxe4 5. Qe2 Qe7 6. d3 Nf6 7. Bg5 Qxe2+ 8.
Bxe2 Be7 9. Nc3 h6 10. Bh4 Nc6 11. O-O-O Be6 12. Rhe1 g5 13. Bg3 g4 14. Nd2
O-O-O 15. Nde4 d5 16. Nxf6 Bxf6 17. Nb1 Nb4 0-1

[Event "kasker"]
[Site "http://www.queenalice.com/game.php?id=747114"]
[Date "2010.3.16"]
[Round "2"]
[White "Brandon"]
[Black "KirumbaKizumba"]
[Result "0-1"]
[WhiteElo "2555"]
[BlackElo "2393"]

1. e4 c6 2. d4 d5 3. e5 Bf5 4. Nf3 e6 5. Be2 Nd7 6. O-O h6 7. b3 Bb4 8. c3 Ba5
9. Ba3 Ne7 10. Bd3 Bxd3 11. Qxd3 O-O 12. Nbd2 Re8 13. Rfe1 Bb6 14. c4 Rc8 15.
Rac1 Nf5 16. g3 Nf8 17. Bd6 Nxd6 18. exd6 dxc4 19. bxc4 c5 20. dxc5 Bxc5 21. Ne4
Bb4 22. Red1 f5 23. Nc3 Qa5 24. a3 Qxa3 25. Nb5 Qxd3 26. Rxd3 Red8 27. Nxa7 Ra8
28. Nb5 Kf7 0-1

[Event "QA-ANNIV-05"]
[Site "http://www.queenalice.com/game.php?id=758998"]
[Date "2010.4.10"]
[Round "4"]
[White "KirumbaKizumba"]
[Black "jraimundo"]
[Result "1-0"]
[WhiteElo "2381"]
[BlackElo "2380"]

1. d4 d5 2. c4 e6 3. Nc3 Nf6 4. Bg5 Bb4 5. Nf3 O-O 6. e3 c5 7. cxd5 exd5 8. dxc5
Nbd7 9. Rc1 Nxc5 10. Qd4 Bxc3+ 11. Qxc3 Nce4 12. Bxf6 Nxf6 13. Bd3 Bg4 14. O-O
Rc8 15. Qd4 Bxf3 16. gxf3 Qa5 17. a4 Kh8 18. Kg2 a6 19. b3 Qd2 20. Rfd1 Qxc1 21.
Rxc1 Rxc1 22. Qb4 Rb8 23. Bxa6 Rc6 24. Bd3 Kg8 25. a5 Rcc8 26. Qf4 Ra8 27. b4 h6
28. Qd4 Rd8 29. f4 Rd7 30. Qb6 Re8 31. Bb5 Re6 32. Qa7 Rde7 33. Qb8+ Kh7 34.
Bd3+ g6 35. f5 Rc6 36. b5 Rc3 37. Qd6 Rd7 38. Qxf6 Rxd3 39. a6 Ra3 40. Qb6 bxa6
41. Qc6 Rd8 42. Qc7 Rg8 43. Qxf7+ 1-0

[Event "QA-ANNIV-06"]
[Site "http://www.queenalice.com/game.php?id=791076"]
[Date "2010.6.16"]
[Round "1"]
[White "Kobayashmiuk"]
[Black "KirumbaKizumba"]
[Result "0-1"]
[WhiteElo "1636"]
[BlackElo "2420"]

1. e4 Nf6 2. e5 Nd5 3. Nf3 d6 4. d4 dxe5 5. Nxe5 c6 6. Bd3 Nd7 7. O-O Nxe5 8.
dxe5 g6 9. Na3 Bg7 10. Qe2 O-O 11. Bd2 a5 12. c3 Qc7 13. Rfe1 Rd8 14. Nc2 c5 15.
Na3 Be6 16. Bg5 Nb6 17. Bc2 h6 18. Bh4 Nd5 19. Bg3 Qb6 20. Bd3 h5 21. Bb5 Bh6
22. Bc4 Bg4 23. f3 Be6 24. Qf2 Kg7 25. Kh1 Be3 26. Qc2 Bg5 27. Qb3 Qc7 28. Qb5
a4 29. Bxd5 Rxd5 30. h4 Bh6 31. Red1 Rxd1+ 32. Rxd1 Qc6 33. Qxc6 bxc6 34. Nc2
Rb8 35. b3 axb3 36. axb3 Rxb3 37. Be1 Rb2 38. Na1 Bf4 39. Kg1 Bxe5 40. g3 Bd5
41. f4 Bf6 42. Rc1 Be4 43. Kf1 e5 44. fxe5 Bxe5 45. Bf2 Kf6 46. Rd1 Kf5 47. Kg1
Kg4 48. Kf1 Bxc3 49. Bxc5 Kxg3 50. Rc1 Bd3+ 51. Kg1 Bd2 52. Rd1 Bc4 53. Bd4 Bf4
54. Nb3 Rxb3 55. Ra1 Rf3 56. Kh1 Kh3 57. Bg1 Rg3 58. Ra5 c5 59. Rxc5 Bd3 0-1

[Event "QA-ANNIV-05"]
[Site "http://www.queenalice.com/game.php?id=793770"]
[Date "2010.6.23"]
[Round "5"]
[White "josekasparov"]
[Black "KirumbaKizumba"]
[Result "0-1"]
[WhiteElo "2275"]
[BlackElo "2407"]

1. d4 Nf6 2. c4 c5 3. d5 b5 4. cxb5 a6 5. bxa6 g6 6. Nc3 Bxa6 7. g3 d6 8. Bg2
Bg7 9. Nf3 Nbd7 10. O-O Nb6 11. Re1 O-O 12. e4 Nfd7 13. Bf4 Nc4 14. Qc2 Qa5 15.
Bg5 Nxb2 16. e5 Nd3 17. Bxe7 Rfb8 18. Bxd6 Rb2 19. Qa4 Qxc3 20. Qxd7 Nxe1 21.
Ng5 Rxf2 0-1

[Event "QA-ANNIV-04"]
[Site "http://www.queenalice.com/game.php?id=808060"]
[Date "2010.7.24"]
[Round "9"]
[White "KirumbaKizumba"]
[Black "prrrr"]
[Result "1-0"]
[WhiteElo "2427"]
[BlackElo "2228"]

1. e4 c5 2. Nc3 Nc6 3. g3 g6 4. Bg2 Bg7 5. d3 d6 6. Be3 Rb8 7. Qd2 b5 8. Nge2 b4
9. Nd1 h5 10. h3 Bd7 11. a3 b3 12. c3 Nf6 13. f4 Qc8 14. Nf2 O-O 15. O-O Qc7 16.
Rae1 Rfe8 17. d4 Na5 18. e5 Nc4 19. Qc1 Nh7 20. dxc5 dxe5 21. fxe5 Nxe5 22. Bd4
Bb5 23. Qf4 Rbc8 24. g4 h4 25. a4 Ba6 26. Ne4 Rf8 27. Bxe5 Bxe5 28. Qe3 Nf6 29.
c6 Rfd8 30. Nc5 Bc4 31. Rd1 e6 32. Nd3 Bxd3 33. Rxd3 Rxd3 34. Qxd3 Nd5 35. Rd1
Qb6+ 36. Nd4 Rxc6 37. Bxd5 exd5 38. Qb5 Qxb5 39. Nxb5 Re6 40. Nxa7 Bc7 41. Nb5
Bb6+ 42. Kh1 Re2 43. Rb1 Rd2 44. g5 1-0

[Event "QA-ANNIV-06"]
[Site "http://www.queenalice.com/game.php?id=837037"]
[Date "2010.9.23"]
[Round "2"]
[White "KirumbaKizumba"]
[Black "Pater"]
[Result "1-0"]
[WhiteElo "2423"]
[BlackElo "2207"]

1. e4 e6 2. d3 c5 3. g3 Nc6 4. Bg2 g6 5. Nc3 Bg7 6. Be3 Nd4 7. Nce2 d6 8. c3 Nc6
9. d4 cxd4 10. Nxd4 Nxd4 11. cxd4 Nf6 12. Ne2 Ng4 13. Bd2 O-O 14. O-O Bd7 15. h3
Nf6 16. Qb3 Bc6 17. d5 Bd7 18. a4 exd5 19. exd5 Rc8 20. Rfe1 Re8 21. Nc3 Rxe1+
22. Rxe1 Qc7 23. Qb4 Ne8 24. Nb5 a5 25. Nxc7 axb4 26. Nxe8 Bxe8 27. a5 Be5 28.
Bxb4 Bb5 29. f4 Bd4+ 30. Kh2 Rc2 31. Bxd6 Be2 32. Kh1 Bf2 33. Rb1 Bxg3 34. Be7
Bxf4 35. d6 Rd2 36. Bxb7 Bxd6 37. Bf6 Rd3 38. Rc1 Rxh3+ 39. Kg2 Rb3 40. Rc8+ Bf8
41. Bc6 h5 42. Be7 Rxb2 43. Kg1 Kg7 44. Bxf8+ Kf6 45. Ra8 1-0

[Event "QA-ANNIV-05"]
[Site "http://www.queenalice.com/game.php?id=841355"]
[Date "2010.10.3"]
[Round "6"]
[White "kasker"]
[Black "KirumbaKizumba"]
[Result "1/2-1/2"]
[WhiteElo "2502"]
[BlackElo "2421"]

1. e4 c5 2. Nf3 d6 3. d4 cxd4 4. Nxd4 Nf6 5. Nc3 a6 6. Bg5 e6 7. f4 Qb6 8. Qd2
Qxb2 9. Rb1 Qa3 10. f5 Nc6 11. fxe6 fxe6 12. Nxc6 bxc6 13. e5 dxe5 14. Bxf6 gxf6
15. Ne4 Qxa2 16. Rd1 Be7 17. Be2 O-O 18. O-O f5 19. Qh6 Qxc2 20. Rd3 Qxe2 21.
Rg3+ Kf7 22. Rxf5+ exf5 23. Rg7+ Ke8 24. Qxc6+ Kd8 25. Qb6+ Ke8 26. Qc6+ Kd8 27.
Qb6+ Ke8 28. Qc6+ 1/2-1/2

[Event "QA-ANNIV-06"]
[Site "http://www.queenalice.com/game.php?id=885079"]
[Date "2011.1.12"]
[Round "3"]
[White "Chuzete"]
[Black "KirumbaKizumba"]
[Result "1/2-1/2"]
[WhiteElo "2369"]
[BlackElo "2431"]

1. e4 e5 2. Nf3 Nf6 3. Nxe5 d6 4. Nf3 Nxe4 5. Nc3 Nxc3 6. dxc3 Be7 7. Be3 O-O 8.
Qd2 Nd7 9. O-O-O Ne5 10. h4 c6 11. c4 Be6 12. Ng5 Bf5 13. Kb1 Re8 14. f3 h6 15.
Be2 hxg5 16. hxg5 Qc8 17. g4 Bg6 18. Rdg1 Qe6 19. f4 Be4 20. Rh3 Bxg5 21. fxg5
c5 22. Bf4 Ng6 23. Bd3 d5 24. Bxe4 Qxe4 25. Rgh1 Rad8 26. cxd5 f6 27. Be3 Rxd5
28. Qa5 fxg5 29. Qxa7 1/2-1/2

[Event "QA-ANNIV-05"]
[Site "http://www.queenalice.com/game.php?id=885931"]
[Date "2011.1.13"]
[Round "7"]
[White "KirumbaKizumba"]
[Black "OrangeLion"]
[Result "1-0"]
[WhiteElo "2430"]
[BlackElo "2356"]

1. e4 e6 2. d4 d5 3. Nc3 Bb4 4. e5 c5 5. a3 Bxc3+ 6. bxc3 Ne7 7. Qg4 O-O 8. Bd3
Nbc6 9. Qh5 Ng6 10. Nf3 Qc7 11. Be3 c4 12. Bxg6 fxg6 13. Qg4 Qf7 14. Ng5 Qe8 15.
h4 Bd7 16. Nh3 Ne7 17. Nf4 Nf5 18. h5 Nh6 19. Qe2 g5 20. Nh3 g4 21. Ng1 Nf5 22.
Qxg4 Ba4 23. Rc1 Qe7 24. Bd2 Qxa3 25. h6 g6 26. Nh3 Qe7 27. Qe2 Qd7 28. Bg5 a5
29. g4 Ne7 30. Ra1 Bc6 31. Bf6 b5 32. Bg7 Rfe8 33. Ng5 Bb7 34. Rh3 Nc6 35. Rf3
1-0

[Event "kasker"]
[Site "http://www.queenalice.com/game.php?id=919195"]
[Date "2011.3.29"]
[Round "3"]
[White "KirumbaKizumba"]
[Black "plexus"]
[Result "1-0"]
[WhiteElo "2441"]
[BlackElo "2638"]

1. d4 Nf6 2. c4 e6 3. Nc3 c5 4. d5 exd5 5. cxd5 d6 6. e4 g6 7. Nf3 Bg7 8. h3 O-O
9. Bd3 b5 10. Nxb5 Re8 11. O-O Nxe4 12. Re1 a6 13. Rxe4 Rxe4 14. Nxd6 Rb4 15. a3
Qxd6 16. axb4 cxb4 17. Nd2 Bb7 18. Ra5 Nd7 19. Nc4 Qc7 20. Bf1 Nb6 21. d6 Qc6
22. Ne5 Bxe5 23. Rxe5 Nc4 24. Re7 Nxd6 25. Bf4 Nf5 26. Rc7 Qe4 27. Qd2 Bd5 28.
Rc5 Be6 29. Be5 Re8 30. Bxa6 Nh4 31. f3 Qxf3 32. Bb5 Ra8 33. Bc6 Ra1+ 34. Kh2
Qd1 35. Qxd1 Rxd1 36. Rb5 f6 37. Bxf6 Rd6 38. Be4 Nf5 39. Rxb4 Bd5 40. Bxd5+
Rxd5 41. Rb7 Rd6 42. Bc3 h5 43. b4 Kf8 44. b5 Rd5 45. g4 hxg4 46. hxg4 Nd6 47.
Bb4 Ke8 48. Bxd6 Rxd6 49. Kg3 1-0

[Event "QA-ANNIV-05"]
[Site "http://www.queenalice.com/game.php?id=921209"]
[Date "2011.4.3"]
[Round "8"]
[White "KirumbaKizumba"]
[Black "Iancopoulus"]
[Result "1/2-1/2"]
[WhiteElo "2437"]
[BlackElo "2415"]

1. e4 e5 2. Bc4 Nf6 3. d3 Bc5 4. Nc3 Nc6 5. f4 h5 6. h3 d5 7. exd5 Nxd5 8. Nxd5
Be6 9. Be3 Bxe3 10. Nxe3 exf4 11. Qf3 fxe3 12. Bxe6 fxe6 13. Qxe3 Qh4+ 14. Kd2
Qb4+ 15. Kc1 O-O-O 16. Nf3 Kb8 17. a3 Qa5 18. Re1 Rh6 19. Qd2 Qf5 20. b3 Qf6 21.
Kb1 Rg6 22. Ka2 Nd4 23. Re3 c5 24. Rae1 Qf4 25. Qf2 Rf8 26. Re4 Qd6 27. Re5 h4
28. R5e4 Qd8 29. Qxh4 Qxh4 30. Nxh4 Rg5 31. Kb1 Rf2 32. Nf3 Rgxg2 33. Nxd4 cxd4
34. Rc1 g5 35. Rxd4 Kc7 36. h4 g4 37. h5 Rf5 38. Rh1 g3 39. Rh3 Rc5 40. Rc4 Rxc4
41. bxc4 Rh2 42. Rxg3 Rxh5 43. Kb2 Rh7 44. d4 Kd6 45. Kb3 Rh1 46. Rg7 Kc6 47. c3
Rb1+ 48. Kc2 Ra1 49. Kb2 Re1 50. Re7 a5 51. c5 a4 52. c4 Re3 53. Rxe6+ Rxe6 54.
d5+ Kd7 55. dxe6+ Kxe6 56. Kc3 Kd7 57. Kb4 Kc6 58. Kxa4 Kxc5 1/2-1/2

[Event "QA-ANNIV-06"]
[Site "http://www.queenalice.com/game.php?id=967008"]
[Date "2011.7.31"]
[Round "5"]
[White "Dogeval"]
[Black "KirumbaKizumba"]
[Result "0-1"]
[WhiteElo "2445"]
[BlackElo "2454"]

1. Nf3 c6 2. e4 d5 3. e5 Bg4 4. d4 e6 5. Nbd2 c5 6. c3 cxd4 7. Qa4+ Nd7 8. Nxd4
a6 9. h3 Bh5 10. N2f3 Bc5 11. Be2 Ne7 12. O-O O-O 13. Bf4 Qc7 14. Bd3 Ng6 15.
Bxg6 Bxg6 16. Qd1 Be7 17. Qe2 b5 18. Rfd1 h6 19. a4 bxa4 20. Rxa4 Nc5 21. Ra2
Rab8 22. Bg3 Rfc8 23. Bh4 Bf8 24. Bg3 Rb7 25. Nh4 Bh7 26. f4 Rcb8 27. Kh2 a5 28.
f5 a4 29. Rf1 Be7 30. Nhf3 Kh8 31. c4 dxc4 32. Qxc4 Rb4 33. Qc3 exf5 34. Rc1 Qb7
35. Rd1 Ne4 0-1

[Event "QA-ANNIV-05"]
[Site "http://www.queenalice.com/game.php?id=983083"]
[Date "2011.9.9"]
[Round "10"]
[White "headhunter"]
[Black "KirumbaKizumba"]
[Result "1/2-1/2"]
[WhiteElo "2544"]
[BlackElo "2462"]

1. e4 e5 2. Nf3 Nc6 3. Bb5 a6 4. Ba4 Nf6 5. O-O Be7 6. Re1 b5 7. Bb3 d6 8. c3
Bb7 9. d4 O-O 10. Nbd2 exd4 11. cxd4 Nb4 12. Qe2 c5 13. a3 Nc6 14. dxc5 dxc5 15.
e5 Nd5 16. Ne4 c4 17. Bc2 Re8 18. Rd1 f5 19. Neg5 g6 20. e6 Bf8 21. Nh4 Nce7 22.
g4 f4 23. Nxh7 Kxh7 24. Qe4 Qc7 25. Nxg6 Kg8 26. Nxf8 Nf6 27. Qxf4 Qxf4 28. Bxf4
Rxf8 29. Bh6 Nxg4 30. Bxf8 Rxf8 31. Rd7 Bc6 32. Rxe7 Rxf2 33. Bh7+ Kh8 34. Rd1
Rg2+ 35. Kf1 Nxh2+ 1/2-1/2

[Event "QA-ANNIV-06"]
[Site "http://www.queenalice.com/game.php?id=1008782"]
[Date "2011.11.15"]
[Round "6"]
[White "KirumbaKizumba"]
[Black "pomar"]
[Result "1-0"]
[WhiteElo "2464"]
[BlackElo "2087"]

1. e4 e6 2. d4 d5 3. Nc3 c5 4. exd5 exd5 5. Bb5+ Nc6 6. Nf3 Bg4 7. dxc5 Bxf3 8.
Qxf3 Bxc5 9. Nxd5 Qa5+ 10. Bd2 Qd8 11. O-O-O Ne7 12. Bc3 Kf8 13. Bc4 Nxd5 14.
Rxd5 Qb6 15. Rd7 1-0